000 00683nam a2200181Ia 4500
008 100917s9999 xx 000 0 und d
082 _b60083
100 _aकरंदीकर ना. सं.
245 _aनिशाणाची इभ्रत आणि इ. कथा
260 _bपुणे अनाथ विद्यार्थी गृह प्रकाशन
_c1971
300 _a64
365 _b2
520 _aबालविभाग
630 _aनिशाणाची इभ्रत आणि इ. कथा
650 _aबालविभाग
730 _aनिशाणाची इभ्रत आणि इ. कथा
942 _cBOOK
999 _c665477
_d665474